[Event "Sochi Chigorin Memorial"]
[Site "Sochi"]
[Date "1990.??.??"]
[Round "?"]
[White "Panchenko, Alexander N"]
[Black "Beshukov, Sergei"]
[Result "1-0"]
[WhiteElo "2430"]
[BlackElo "2335"]
[Annotator "Schussler,H"]
[PlyCount "44"]
[EventDate "1990.10.??"]
[EventType "tourn"]
[EventRounds "11"]
[EventCountry "URS"]
[EventCategory "7"]
[SourceTitle "CBM 021"]
[Source "ChessBase"]
[SourceDate "1991.04.01"]
[SourceVersion "1"]
[SourceVersionDate "1991.04.01"]
[SourceQuality "1"]

1. Nf3 f5 2. g3 Nf6 3. Bg2 g6 4. O-O Bg7 5. d4 O-O 6. c4 d6 7. Nc3 c6 8. b3 Qa5
{White misplaces his bishop but gains time so that he is able to play d4-d5.}
9. Bd2 $5 Qc7 10. d5 h6 11. Rc1 Nh5 $6 12. e4 e5 $2 {Much too ambitious. White
is ahead in the development and is now happy to be able to open up the
position.} (12... f4 $14) 13. dxe6 Bxe6 14. exf5 Bxf5 15. Nh4 $18 Qf7 16. g4
Bd3 17. gxh5 Bxf1 18. Qxf1 g5 19. Ng6 Re8 20. Ne4 Qe6 21. Re1 Qd7 22. Qd3 Rd8
1-0

[Event "Amsterdam Euwe Memorial"]
[Site "Amsterdam"]
[Date "1991.??.??"]
[Round "2"]
[White "Kasparov, Garry"]
[Black "Gurevich, Mikhail"]
[Result "1/2-1/2"]
[WhiteElo "2800"]
[BlackElo "2650"]
[Annotator "Schussler,H"]
[PlyCount "75"]
[EventDate "1991.05.??"]
[EventType "tourn"]
[EventRounds "9"]
[EventCountry "NED"]
[EventCategory "16"]
[SourceTitle "CBM 023"]
[Source "ChessBase"]
[SourceDate "1991.08.01"]
[SourceVersion "1"]
[SourceVersionDate "1991.08.01"]
[SourceQuality "1"]

1. c4 f5 2. d4 Nf6 3. g3 d6 4. Bg2 g6 5. Nc3 Bg7 6. d5 O-O 7. Nh3 c6 (7... Na6
8. O-O Bd7 9. Rb1 c6 10. b4 Rc8 11. Qb3 $14 {Gavrikov-Schwartzman, San
Bernardino 1990.}) 8. Nf4 e5 9. dxe6 Qe7 10. O-O Bxe6 11. Nxe6 Qxe6 12. Bf4
Qxc4 13. Qxd6 Na6 14. Rfd1 {White has a minimal edge.} Nh5 15. Bg5 (15. Be5
Bxe5 16. Qxe5 Rae8 17. Qd4 {As Andersson would say: very slightly better for
White. This endgame, similar to that ensuring in the game, occured in
Hjartarson,J - Gurevich,M in a later round in Amsterdam. See CBM 23, game 39.})
15... Bf6 16. Bxf6 Nxf6 17. Rac1 Qb4 18. Qxb4 Nxb4 19. a3 Na6 20. e4 fxe4 21.
Nxe4 Nxe4 22. Bxe4 Rad8 23. h4 Nc7 24. Bb1 Kg7 25. Ba2 Kf6 26. Kg2 Nb5 27. g4
h5 28. g5+ Kg7 29. Rxd8 Rxd8 30. Re1 Rd7 31. Re8 Nd6 32. Rg8+ Kh7 33. Rb8 Kg7
34. Rg8+ Kh7 35. Rb8 Kg7 36. Bb1 Nc4 37. Re8 Nxb2 38. Re6 {38. - Nd3 39.Bxd3
Rxd3 40.Re7+ Kf8 41.Rxb7 Rxa3 42.Rc7 =. White`s active rook secures the draw.}
1/2-1/2

[Event "Salento op 5th"]
[Site "Gallipoli"]
[Date "2016.05.22"]
[Round "2"]
[White "L'Ami, Alina"]
[Black "Sprenger, Jan Michael"]
[Result "1-0"]
[WhiteElo "2359"]
[BlackElo "2506"]
[Annotator "Sprenger,J"]
[PlyCount "131"]
[EventDate "2016.05.21"]
[EventType "swiss"]
[EventRounds "9"]
[EventCountry "ITA"]
[SourceTitle "EXT 2017"]
[Source "ChessBase"]
[SourceDate "2016.10.25"]
[SourceVersion "1"]
[SourceVersionDate "2016.10.25"]
[SourceQuality "1"]

1. d4 f5 2. c4 $5 {Confronted with the surprising choice of the Dutch defense,
which I had never played in a tournament game, Alina deviates from her usual 2.
Nc3.} Nf6 3. g3 g6 4. Bg2 Bg7 5. Nc3 O-O 6. Nf3 d6 7. O-O c6 8. b3 Qa5 $5 {
Not the main line, but an interesting move. White has to play precisely to
maintain his initiative.} 9. Bb2 e5 10. dxe5 dxe5 11. e4 f4 12. Qd6 (12. Na4
Re8 {ist the mainline and perhaps more testing.}) 12... Ne8 $1 {Looks a bit
artifical, but it is important to disturb the white queen, which is strongly
placed on d6.} 13. Qa3 Qc7 14. Ne2 Bg4 $5 {It looks a bit strange to give up
the bishop pair, but on the other hand, Black increases his control over the
black squares.} 15. h3 Bxf3 16. Bxf3 Na6 17. gxf4 $5 {The principled move.}
exf4 18. Nd4 Qe5 19. Rab1 Qg5+ 20. Kh2 Nac7 21. Rg1 Qh4 22. Rg2 {Here I
thought about an immediate attack on the white king, and indeed, it would have
been interesting:} Rf7 {I was very tempted to force matters, but I could not
find anything clear and with my opponent short of time, I considered it more
promising to maintain the tension.} (22... Bxd4 $5 {Strategical suicide, but
Black obtains some initiative.} 23. Bxd4 Ne6 24. Rd1 (24. Rg4 $2 {runs into}
Nxd4 $1 25. Rxh4 Nxf3+) (24. Bc5 Rf7 25. Rg4 Qh5 {and Nf6 is coming.}) 24...
Ng5 25. Bg4 Nf6 26. Bxf6 Rxf6 27. Rd7 {I assessed this position as favorable
for White, but the computer is not impressed and considers the position better
for Black after the quiet} (27. Qe7 $1 {keeps the balance.} Rf7 28. Rd8+ Rxd8
29. Qxd8+ Kg7) 27... Re8 {The threat h7-h5 is quite annoying.}) 23. b4 $6 {
Allows the Black queen to return to the center and weakens the white pawn
structure.} Qe7 24. e5 $5 a5 $1 (24... Qxe5 25. b5 $44) (24... Bxe5 $2 {
runs into a crushing exchange sacrifice:} 25. Re1 Qf6 26. Rxe5 $1 Qxe5 27. Nxc6
$40) 25. e6 $2 {Tempting, but bad: the white weaknesses are more exposed after
this pawn thrust.} Rf8 26. bxa5 {The emergency brake (White gives material to
stop the Black initiative), but probably best.} Qxa3 27. Bxa3 Bxd4 28. Bxf8
Kxf8 $17 29. Rxb7 Ra6 $6 (29... Rxa5 30. Bxc6 Rxa2 31. f3 $17 {did not look so
clear to me, but it was perhaps the way to go.}) (29... Nxe6 30. Bxc6 Rxa5 31.
Rb8 N6c7 32. f3 {and the a-pawn may become dangerous.}) 30. h4 $1 {White has
to open the g-file for his rook. In the following moves, both sides are facing
extremely difficult decisions about which pawns to swap/conquer. Serious
commentary would probably require several days of analysis, so I will just
move on to the decisive moment.} Ke7 31. h5 Kf6 32. Be4 $6 gxh5 33. Bxh7 Rxa5
34. Be4 c5 $6 (34... Ra6 {was more accurate. After} 35. Rg6+ Ke5 {the white
bishop is hanging and Black can finally capture e6.}) 35. Rg6+ $6 (35. f3 Kxe6
36. Kh3 $17) 35... Ke5 36. Bc6 Ra6 $4 {I wanted to make a particularly
intelligent move and played a particularly stupid one.} (36... Rxa2 $1 {
was simple and good} 37. Bxe8 (37. e7 Rxf2+ 38. Kh3 Rf1 39. Rg8 f3 $19) 37...
Nxe8 38. Rg8 Bxf2 $1 {and Black is giving checkmate, e.g.} 39. Rxe8 Bg3+ 40.
Kg1 f3 41. Rb1 Rg2+ 42. Kf1 Rh2 $19) 37. e7 $1 {I simply missed that this pawn
move defends the c6-bishop. Now Black has lost a crucial tempo.} Rxa2 38. Rg8
Rxf2+ {Accompanied by a draw offer, hoping that my opponent would not yet
realize in which danger Black was. But she did.} 39. Kh3 Kd6 $2 {The wrong
square.} (39... Kf6 $1 40. Bxe8 Rf3+ 41. Kg2 Rf2+ 42. Kh3 Rf3+ {White cannot
escape the perpetual, since} 43. Kh4 Bf2+ 44. Kxh5 Rh3+ 45. Kg4 Rg3+ {loses.})
40. Bxe8 Rf3+ 41. Kh4 $1 {With the black king on d6, this is possible and
strong.} Bf6+ 42. Kxh5 Bxe7 $2 (42... Re3 $16 {would still make things
difficult for White.}) 43. Kg4 $3 {A brilliant idea, which I had missed
completely. White wins the f4-pawn for free.} Rc3 (43... Rg3+ 44. Kxf4 Rxg8 45.
Rb6#) 44. Kf5 Nxe8 45. Rxe8 Re3 46. Rg8 Kc6 47. Kxf4 Re1 48. Ra7 Bd6+ 49. Kf3
Kb6 50. Ra2 Re6 51. Rag2 Rf6+ 52. Ke3 Be5 $2 {I saw that this would lose on
the spot, but for some reason I played it nevertheless. It was clearly not my
day.} (52... Re6+ 53. Kd3 Kc6 54. R8g6 Re1 {was the originally planned defense,
which would at least prolong the struggle.}) 53. R8g6 Bd4+ 54. Ke4 $18 Rxg6 55.
Rxg6+ Kc7 56. Kd5 Kd7 57. Rh6 Kc7 58. Rh7+ Kd8 59. Kc6 Kc8 60. Rf7 Kd8 61. Rf8+
Ke7 62. Ra8 Be3 63. Ra7+ Ke8 64. Rd7 Bd4 65. Rd5 Ke7 66. Rxc5 {A strong
technical display by White, whereas Black just collapsed after his blunder in
move 36.} 1-0

[Event "EU-chT (Men) 12th"]
[Site "Batumi"]
[Date "1999.12.04"]
[Round "6.4"]
[White "Genov, Petar"]
[Black "Lutz, Christopher"]
[Result "1/2-1/2"]
[WhiteElo "2410"]
[BlackElo "2591"]
[Annotator "Tsesarsky,I"]
[PlyCount "74"]
[EventDate "1999.11.06"]
[EventType "team-swiss"]
[EventRounds "9"]
[EventCountry "GEO"]
[SourceTitle "CBM 074"]
[Source "ChessBase"]
[SourceDate "2000.02.01"]
[SourceVersion "1"]
[SourceVersionDate "2000.02.01"]
[SourceQuality "1"]
[WhiteTeam "Bulgaria"]
[BlackTeam "Germany"]
[WhiteTeamCountry "BUL"]
[BlackTeamCountry "GER"]

1. d4 f5 2. g3 Nf6 3. Bg2 g6 4. Nf3 Bg7 5. O-O O-O 6. b3 d6 7. Bb2 Na6 8. Nbd2
Qe8 9. Re1 (9. c4 c6 10. Qc2 {Main line}) 9... c6 10. c4 h6 $6 {The idea of
Re1 - to promote e2-e4.} (10... Bd7 11. a3 $5 (11. e4 fxe4 12. Nxe4 Nxe4 13.
Rxe4 Bf5 14. Re2 (14. Re3 Bh6 15. Re1 Nb4 16. Nh4 Qf7 17. Nxf5 Qxf5 18. f4 (18.
Re2 Nd3 19. Be4 Nxb2 20. Bxf5 Nxd1 21. Be6+ Kg7 22. Rxd1 $11) 18... Nd3 19. Be4
Nxb2 20. Bxf5 Nxd1 21. Be6+ Kg7 22. Raxd1 g5 23. f5 Kf6 $14) 14... Bg4 15. Re4
Bf5 16. Re2 Bg4 17. Re3 Bh6 18. Re4 Bf5 19. Re2 Bg4 20. Re4 Bf5 {1/2-1/2 Palm,
T-Segna,U/OLNW 1993 (20)}) 11... e5 12. dxe5 Ng4 13. Qc2 dxe5 14. h3 Nh6 15. e4
$14) (10... Ne4 $142 $1 {This move is impossible in variations with Qc2} 11.
Nxe4 (11. Qc2 Nxd2 12. Nxd2 Qf7 $132) 11... fxe4 12. Ng5 (12. Nd2) 12... d5 13.
cxd5 cxd5 14. f3 h6 15. Nh3 Bf5 (15... g5 16. fxe4 dxe4 17. Qd2 e5 (17... Qf7
18. Rf1 Qd5 19. Rxf8+ Bxf8 20. Nf2 Bf5 21. Qe3 $16 {1-0 Loiza,M-Scarpa,J/
Saladillo ch-ARG U16 1992 (71)}) 18. d5 Bf5 (18... Qh5 19. Nf2 $18) 19. Nf2 $16
) 16. fxe4 Bxe4 17. Bxe4 dxe4 18. Qd2 Rd8 19. Qe3 Qc6 $11) (10... e5 $2 11.
dxe5 Ng4 12. Ba3 dxe5 13. Bxf8 Qxf8 14. e4 $16 {1-0 Vegh,E-Bagonyai,A/HUN tt
1992 (25)}) (10... d5 11. Ne5 Be6 12. f3 Nd7 13. Nd3 dxc4 14. bxc4 Nb6 15. Qc2
Rd8 16. e3 g5 17. Rac1 Qf7 18. a3 Qg6 19. f4 $14 {1-0 Stohl,I-Kontic Vladimir/
Vrnjachka Banja (YUG) 1989 (39)}) (10... Nc7 $5 11. e3 b5 12. Qe2 bxc4 13. bxc4
Rb8 14. Bc3 Ba6 15. Qd1 Ne4 16. Ba5 Ne6 17. Qc2 Kh8 $132 {1/2-1/2 Ilic,
Z-Georgiev,K/Wijk B 1984 (34)}) 11. e4 (11. a3 g5 12. e4 fxe4 13. Nxe4 Nxe4 14.
Rxe4 Bf5 15. Re3 Qf7 16. Qe2 Bf6 17. Re1 e6 18. Nd2 $14 (18. g4 $6 Bxg4 19.
Nxg5 Bxg5 20. Qxg4 Qxf2+ 21. Kh1 Nc7 (21... Qxb2 22. h4 Rf7 23. hxg5 hxg5 24.
Rxe6 Qd2 $132) 22. Bc1 Rf4 (22... Kh8 23. R3e2 Qf5 24. Qxf5 exf5 25. Bxg5 hxg5
26. Re7 Rfe8 27. Kg1 $44 {1/2-1/2 Friedersdorff,F-Potapov,A/Katowice FIBAK
1993 (34)}) 23. Qh5 Rf6 24. Re4 (24. R3e2 Qh4 25. Qxh4 Bxh4 $17) 24... Bxc1 (
24... d5 25. Bxg5 (25. R4e2 Qh4 26. Qxh4 Bxh4 $17) 25... dxe4 26. Rf1 Qxf1+ 27.
Bxf1 Rxf1+ 28. Kg2 $14) 25. Rxc1 Raf8 26. Rf1 Qd2 (26... Qxf1+ 27. Bxf1 Rxf1+
28. Kg2 R1f6 29. Rg4+ Kh7 $44) 27. Ref4 $1 Rxf4 28. Qg6+ $11)) 11... fxe4 12.
Nxe4 Qf7 (12... Nxe4 13. Rxe4 Bf5 14. Re3 Qf7 (14... Nb4 15. Nh4 Qf7 (15... e5
$16) 16. Rf3 Qf6 17. Bc3 $16 {1-0 Damljanovic-Tejero/Ponferrada 1992 (17)}) 15.
Qe2 Rae8 (15... Bf6 16. Nd2 d5 $14 (16... Qg7 17. Rd1 Nb4 18. g4 (18. Ne4 Bxe4
19. Bxe4 d5 (19... Nxa2 20. Qg4 g5 (20... Kh7 21. h4 $16 {[%cal Gh4h5]}) 21.
Qd7 $44) 20. Bb1 Rad8 21. c5 Na6 22. Kg2 Rde8 23. Qg4 g5 24. Re6 Nc7 25. Re2 e6
26. Rf1 Re7 27. a3 $14 {1/2-1/2 Siebrecht,S-Dao Thien Hai/Budapest Elekes ,EXT
1993 (52)}) 18... Bd7 (18... Bc2 19. Rc1 Bxd4 (19... c5 20. a3 cxd4 21. Rf3 Nc6
22. g5 $3 hxg5 23. Rxc2 d3 24. Qxd3 Bxb2 25. Qd5+ $18 {[%cal Gf3h3]}) 20. Bxd4
Qxd4 21. Rxe7 Rxf2 22. Qxf2 Qxf2+ 23. Kxf2 Nd3+ 24. Kg3 Nxc1 25. Rxb7 $16) 19.
Ne4 $14)) 16. Re1 Bf6 17. a3 $14) 13. Qd2 Bg4 14. h3 Nxe4 15. Rxe4 Bf5 (15...
Bxf3 16. Rf4 $14) 16. Re3 Rae8 17. Nh4 d5 $2 $16 {ununderstandable.} (17... e5
18. Rae1 exd4 19. Bxd4 Bxd4 20. Qxd4 Rxe3 21. Qxe3 Bd7 22. Qxa7 Nc5 23. Rf1 g5
24. Nf3 Bf5 $14) (17... Nc7 $2 18. Rae1 $16) 18. Nxf5 (18. cxd5 cxd5 19. Rae1
$18) 18... gxf5 $2 $18 {Of course, black has bad position.But why to transform
it in lost one?} (18... Qxf5 19. Rae1 $16) 19. cxd5 cxd5 20. Rae1 Nc7 (20...
Bf6 21. Qa5 e6 22. Qa4 {[%csl Rd5]} (22. Rxe6 b6 23. Qxa6 Rxe6 24. Rxe6 Qxe6
25. Kh2 Rf7 26. Qd3 $44) 22... f4 23. gxf4 Bh4 24. Ba3 Qxf4 25. Rf3 Qd2 26. Rf1
$1 $18) (20... f4 21. Rf3 Qg6 22. Rxf4 $18) 21. Qa5 (21. Rc3 e5 (21... Nb5 22.
Rc5 $18) 22. Rxc7 Qxc7 23. dxe5 Rd8 24. Bxd5+ Kh7 (24... Kh8 25. e6 $18 {
[%csl Rh6]}) 25. Ba3 Rfe8 26. Bd6 $18) 21... e6 22. Rc1 (22. Qxa7 Ra8 23. Qxb7
Rfb8 24. Qc6 Rxa2 25. Rxe6 Nxe6 26. Bxd5 Kh8 27. Bxe6 Qf6 28. Re2 $18) 22...
Na6 23. Ba3 $2 $16 {Scoring of quality for a pawn - too small achievement for
such position.} (23. b4 Qd7 (23... f4 24. Rf3 Qe7 25. b5 $18) 24. b5 Nc5 25.
Qxa7 Qxb5 26. Ba3 Bxd4 27. Bxc5 $18) 23... Bxd4 24. Rd3 Bb6 25. Qd2 f4 26. Bxf8
(26. Rf3 Bc7 27. Bxf8 Rxf8 28. b4 Be5 29. a3 $16) 26... Rxf8 27. gxf4 $5 (27.
Rf3 $16) 27... Qxf4 28. Qxf4 Rxf4 29. Rf3 (29. Rd2 Nc5 30. Rc3 Ba5 31. Rg3+ Kf7
32. Rc2 $16) 29... Rxf3 30. Bxf3 Nc5 31. Kf1 Kf7 32. Ke2 Kf6 33. h4 $5 (33. b4
Nd7 34. Rc8 Ne5 35. Rf8+ Ke7 36. Rb8 $16) 33... a5 34. Rg1 Bc7 35. Ke3 $6 (35.
Rg8 {Was keep advantage.Maybe winning position. For example:} Bf4 36. Rc8 Bd6
37. Bg2 Kf5 38. Bh3+ Kf6 39. f4 Ne4 40. Kf3 Nc5 41. Ke3 b6 (41... Ne4 42. Rh8
Bc5+ 43. Kf3 $18) (41... b5 42. Rh8 Kg6 43. Kd4 Kh5 44. f5 Nd7 45. fxe6 Be5+
46. Kxd5 Bxh8 47. exd7 Bf6 48. Ke6 Bd8 49. Kf7 Kxh4 50. Ke8 Bc7 51. Be6 $18)
42. Rh8 Kg7 43. Rd8 Be7 44. Rb8 Na6 45. Rc8 $18 {[%cal Gc8c6]}) 35... Bb6 36.
Ke2 Bc7 37. Ke3 $6 Bb6 (37... Bb6 38. Kd2 (38. Ke2 Bc7 {Position is repeating
the third time} 39. Rg8 $16) 38... Bc7 39. Rg8 Bf4+ 40. Ke2 $16) 1/2-1/2

[Event "EU-chT (Men) 12th"]
[Site "Batumi"]
[Date "1999.12.05"]
[Round "7.4"]
[White "Huzman, Alexander"]
[Black "Neiksans, Arturs"]
[Result "1-0"]
[WhiteElo "2581"]
[BlackElo "2378"]
[Annotator "Tsesarsky,I"]
[PlyCount "109"]
[EventDate "1999.11.06"]
[EventType "team-swiss"]
[EventRounds "9"]
[EventCountry "GEO"]
[SourceTitle "CBM 074"]
[Source "ChessBase"]
[SourceDate "2000.02.01"]
[SourceVersion "1"]
[SourceVersionDate "2000.02.01"]
[SourceQuality "1"]
[WhiteTeam "Israel"]
[BlackTeam "Latvia"]
[WhiteTeamCountry "ISR"]
[BlackTeamCountry "LAT"]

1. Nf3 f5 2. g3 Nf6 3. Bg2 g6 4. O-O Bg7 5. c4 O-O 6. d4 d6 7. Nc3 c6 8. d5 e5
9. dxe6 Bxe6 10. b3 Na6 11. Bb2 Qe7 12. Ng5 Nc5 13. Nxe6 Qxe6 14. Qc2 Rad8 15.
Rad1 Rfe8 (15... a5 16. e3 Qe7 17. Rd2 Rfe8 18. Rfd1 Qc7 19. Ba1 Kh8 20. a3 Kg8
21. b4 $14 {1-0 Lukacs,P-Radev,N/Pamporovo BUL 1981 (53)}) 16. e3 Nce4 (16...
Nfe4 17. Ne2 Bxb2 18. Qxb2 a5 (18... Qe5 19. Qc2 Na6 20. a3 Nc7 21. b4 Kg7 22.
Rd3 Re7 $14 {1/2-1/2 Lukacs,P-Agrest,E/Bela mem, Gyula HUN 1997 (22)}) 19. Qc2
Qe5 20. a3 Na6 21. Rd4 Ng5 22. Rb1 Ne6 23. Rd2 Qc5 24. b4 $1 $14 {1-0 Smejkal,
J-Priehoda,V/Sumperk Czech ch 1984 (30)}) 17. Nxe4 fxe4 $14 (17... Nxe4 18.
Bxg7 Kxg7 19. Rd4 Nf6 20. Rfd1 $14 {0-1 Schlosser,P-Bricard,E/Montpellier ,EXT
1993 (47)}) 18. Rd4 $5 (18. Rd2 d5 19. Rfd1 Rf8 $14) 18... d5 19. cxd5 cxd5 20.
Qd2 Rd7 (20... Ng4 21. Bh3 $1 (21. Rb4 Bxb2 22. Qxb2 b6 23. Rd1 Rf8 24. Rd2 Ne5
25. Rbd4 Nd3 $132) 21... h5 22. Ra4 $14) 21. Rd1 Nh5 22. Ra4 Bxb2 23. Qxb2 a6
24. Rad4 Nf6 25. Rc1 Rd6 26. Rd2 Rc8 27. Rxc8+ Qxc8 28. Bf1 Kf7 (28... Rc6 29.
Kg2 $132) 29. Kg2 Qe6 30. Be2 Rc6 31. b4 Qc8 (31... b5 $11) 32. Bd1 Rd6 (32...
Qe6 33. b5 Rd6 34. Be2 $14) 33. h3 Qe6 34. Qd4 g5 (34... Rc6 35. Bb3 Rd6 36.
Rc2 $14) 35. Rc2 Rc6 36. Rxc6 Qxc6 37. Qe5 Kg6 (37... h6 38. Bb3 Qb5 39. Qd6 h5
40. a4 Qd3 41. Ba2 Kg6 42. h4 gxh4 43. gxh4 Qe2 44. Bb3 Qf3+ 45. Kf1 Kf5 $11)
38. Bb3 Qb5 $6 $14 (38... h5 $1 39. h4 g4 $11) 39. h4 gxh4 (39... h6 40. h5+
Nxh5 (40... Kf7 41. Qf5 $16) 41. Qxd5 $16) 40. gxh4 Kf7 (40... Qxb4 $2 41. Qg5+
(41. Bxd5 Nxd5 42. Qxd5 Qe7 43. Kg3 h5 $11) 41... Kf7 42. Bxd5+ Nxd5 43. Qxd5+
Kf6 44. Kg3 $16 {[%csl Re4][%cal Gg3f4]}) (40... Qd7 $1 41. h5+ (41. Qg5+ Kf7
42. a3 (42. h5 b6 43. h6 Ke6 44. Bd1 a5 45. bxa5 bxa5 46. Bg4+ Nxg4 47. Qxg4+
Kd6 48. Qg7 (48. Kg3 Qf7 49. Qf4+ Ke6 50. Qxf7+ Kxf7 51. Kf4 Ke6 52. f3 exf3
53. Kxf3 Kf5 $19) 48... Ke6 49. Qg4+ Kd6 $11)) 41... Kf7 42. a4 b6 43. Kg3 h6
44. Bd1 $14) 41. Qd6 h5 $2 {[%csl Rh5] Black obviously is more weak than the
partner in technic of the endings playing...} (41... Kg6 42. Qe5 Kf7 43. Kg3
Qd7 44. Bd1 h6 $14) 42. Kg3 Kg6 43. Qe5 Qd3 $2 $18 (43... Qd7 44. Qg5+ Kf7 45.
Bd1 Ke6 46. Bxh5 Qd6+ 47. f4 exf3+ 48. Kxf3 Qxb4 49. Bg6 $16) (43... Kf7 44.
Kf4 $16) 44. Kf4 Qd2 45. Qf5+ Kg7 46. Kg5 Nh7+ 47. Kxh5 Nf6+ 48. Kg5 Nh7+ 49.
Kg4 Nf6+ 50. Kg3 Qxb4 51. Qg5+ Kf7 52. Bxd5+ Nxd5 53. Qxd5+ Kg6 54. Kg4 Kh6 55.
Qe6+ 1-0

[Event "EU-chT (Men) 12th"]
[Site "Batumi"]
[Date "1999.11.30"]
[Round "2.1"]
[White "Beliavsky, Alexander G"]
[Black "Agrest, Evgenij"]
[Result "1-0"]
[WhiteElo "2618"]
[BlackElo "2554"]
[Annotator "Tsesarsky,I"]
[PlyCount "69"]
[EventDate "1999.11.06"]
[EventType "team-swiss"]
[EventRounds "9"]
[EventCountry "GEO"]
[SourceTitle "CBM 074"]
[Source "ChessBase"]
[SourceDate "2000.02.01"]
[SourceVersion "1"]
[SourceVersionDate "2000.02.01"]
[SourceQuality "1"]
[WhiteTeam "Slovenia"]
[BlackTeam "Sweden"]
[WhiteTeamCountry "SLO"]
[BlackTeamCountry "SWE"]

1. d4 f5 2. g3 Nf6 3. Bg2 g6 4. c4 Bg7 5. Nc3 O-O 6. Nf3 d6 7. O-O c6 8. Rb1
Ne4 9. Nxe4 (9. Bf4 h6 10. Qc2 Nxc3 11. bxc3 g5 12. Bc1 e5 13. Ba3 Rf7 14. Rfd1
e4 $132 {0-1 Suetin-Malaniuk,V/Ljubljana-Portoroz 1973 (39)}) (9. Qc2 Nxc3 (
9... Kh8 10. b4 d5 11. cxd5 cxd5 12. Bf4 $14 {1-0 Adu,O-Bibasa,G/Tanta EGY
1998 (33)}) 10. Qxc3 e5 11. dxe5 dxe5 12. Qa3 (12. e4 f4 13. b3 Qe7 14. Bb2 Bg4
15. Qa5 c5 16. Ba3 b6 17. Qd2 Rd8 $15 {1/2-1/2 Skembris,S-Leow,L/Novi Sad olm
GRC-SIP 1990 (22)}) 12... Be6 13. b3 Re8 14. e4 h6 15. Nh4 Kh7 16. exf5 gxf5
17. Be3 $14 {1-0 Adla,D-Tovillas,D/Buenos Aires Cup Lat 1991 (33)}) (9. Bd2
Nxd2 10. Qxd2 e5 11. d5 c5 $11 {0-1 Shestoperov,A-Yagupov,I/Smolensk Alekhine ,
EXT 1992 (56)}) 9... fxe4 10. Nd2 (10. Ne1 d5 11. Nc2 (11. cxd5 Qxd5 12. Be3
Nd7 (12... Qxa2 13. Bxe4 $14) 13. Nc2 (13. b3 Nf6 14. Qc2 Qh5 15. Qd2 Ng4 16.
h4 Nxe3 17. Qxe3 Bh6 18. Qc3 Qxe2 $17 {0-1 Plesec,D-Legky,N/Cannes 1993 (27)})
13... Nf6 14. b3 Qh5 15. Qd2 Bh3 16. f3 Bxg2 17. Kxg2 $11 {0-1 Ahmed,E-Kobese,
W/Tanta EGY 1998 (47)}) 11... Nd7 12. b4 Nb6 13. c5 Nc4 14. Ne3 Nxe3 15. Bxe3
e5 16. Qd2 Bf5 $11 {1/2-1/2 Berry,J-Spraggett,K/Toronto ch-CAN 1978 (37)})
10... d5 11. e3 Be6 12. b4 b5 13. cxb5 cxb5 14. a4 bxa4 15. Qxa4 Nd7 16. Qa2
Bf7 17. Nb3 $146 {This novelty doesn't bring advantage to white.} (17. Bb2 e5
18. Qa1 Qe7 19. Nb3 Nb6 20. Na5 Be8 21. dxe5 Bb5 22. Rfd1 Rac8 23. Rbc1 Qxb4
24. Bc3 Qe7 25. Bh3 Bd7 $132 {1/2-1/2 Beliavsky,A-Spraggett,K/Elista RUS 1998 
(64)}) 17... Nb6 18. Na5 Qd7 19. Ba3 e5 $6 $14 (19... Rfc8 $11) 20. dxe5 (20.
b5 $1 Rfe8 21. dxe5 Bxe5 22. Bc5 (22. Bb2 Bc7 23. Ba1 a6 $11) 22... Bg7 23. Qd2
(23. Rfc1 d4 24. Qd2 d3 $132) 23... Rac8 24. Rfc1 $14) 20... Bxe5 21. Bb2 Bxb2
22. Qxb2 $14 Rac8 (22... Be6 23. Rfc1 $14) 23. Qd4 $6 $11 (23. Rfc1 Be6 24.
Rxc8 Rxc8 25. Rc1 Rxc1+ 26. Qxc1 Bh3 27. Bxh3 Qxh3 28. Nc6 Qd7 29. b5 $14)
23... Nc4 24. Rfc1 Na3 25. Rxc8 Rxc8 26. Rd1 Nb5 (26... Qe7 27. Qb2 (27. Bf1
Nc2 $17) 27... Nb5 28. Bf1 a6 29. Qd2 (29. Bxb5 axb5 30. Qd2 Rc7 31. Nb3 Rc4
32. Nc5 Qf6 $132) 29... Nc3 (29... Rc7 30. Ra1 Qf6 31. Nb3 $14) 30. Ra1 Qxb4
31. Bxa6 $11) 27. Qb2 Qc7 (27... Qe7 $11 {This move with standing on square
"b5" was enouph for draw.}) 28. Bf1 Nd6 (28... Nc3 $11) (28... a6 29. Qf6 $14)
29. Qe5 (29. Bh3 Rb8 $11 {[%csl Gb5]}) 29... Re8 30. Qa1 Rc8 $2 (30... Qb6 $1 {
[%csl Gb5]} 31. Qf6 Rc8 (31... Qxb4 32. Nc6 Qa4 33. Rc1 {[%csl Rd6]} Nf5 34.
Ra1 Qb3 35. Rxa7 Rf8 36. Ne5 $18) 32. Bh3 Rc7 33. Be6 Ne8 34. Bxf7+ Rxf7 35.
Qxb6 axb6 36. Nc6 $132) 31. b5 $1 $16 {[%csl Ra7,Yb5][%cal Ga5c6]} Ra8 32. Nc6
Nc8 33. Rc1 (33. Qf6 Qd6 34. Qxd6 Nxd6 35. Ne7+ $16) 33... Qd6 (33... Nb6 34.
Qf6 $16) 34. Qd4 Be6 $2 $18 (34... Ne7 35. Nxa7 Nf5 36. Nc8 $16) 35. Qf6 {
[%cal Gc6d4]} 1-0